000 00937nam a2200217 i 4500
001 188452
003 ES-MaACL
005 20251002204759.0
008 181010m19301934fr |||| | fre d
245 0 0 _aTuberculosis /
_cpor Emilio Sergent [et al.] ; traducción de la 2ª edición francesa del Dr. A. Cubells Blasco.
250 _a2ª ed.
260 _aBarcelona : Pubul, 1930-1934.
300 _a2 v. :
_bil. ;
_c22 cm.
490 1 _aTratado de patología médica y de terapéutica aplicada / publicada bajo la dirección de Emilio Sergent... ;
_v17-18
650 0 7 _aTuberculosis
_2embne
_917658
700 1 _aSergent, Émile,
_d1867-1943
_9151848
700 1 _aCubells Blasco, Arturo.
_941926
830 0 _aTratado de patología médica y de terapéutica aplicada / publicada bajo la dirección de Emilio Sergent... ;
_v17-18
_9193058
852 _aES-MaACL
_jC-6719
_q.- Falta vol. 1º
999 _c188452
_d188452